Організація наукового забезпечення діяльності судів (Запис № 577381)
[ простий вигляд ]
| 000 -Лідер | |
|---|---|
| fixed length control field | 03983nam a2200265 4500 |
| 001 - Контрольний номер | |
| control field | 2162214035925347 |
| 003 - Ідентифікатор контрольного номера | |
| control field | UA-OsUOA |
| 005 - Дата та час останнього входження (трансакції) | |
| control field | 20241001151547.0 |
| 008 - Елементи даних фіксованої довжини – загальна інформація | |
| fixed length control field | 241001b un ||||| m||| 00| 0 ukr d |
| 040 ## - Джерело каталогізації | |
| Агенція оригінальної каталогізації | UA-OsUOA |
| Мова каталогізації | ukr |
| Агенція, яка здійснювала перезапис | UA-OsUOA |
| Агенція, яка здійснювала модифікацію | UA-OsUOA |
| 041 ## - Код мови | |
| Код мови тексту/ звукової доріжки чи окремого заголовка (П) | ukr |
| 080 ## - Індекс Універсальної десяткової класифікації | |
| Індекс Універсальної десяткової класифікації (УДК) (НП) | 347.97/99 |
| 090 ## - Локальний шифр розміщення | |
| Класифікаційний індекс УДК | 347.97/99 |
| 095 ## - Код спеціальності для авторефератів | |
| Код спеціальності | 12.00.10 |
| Назва спеціальності | судоустрій; прокуратура та адвокатура |
| 100 ## - Основне введення – ім’я особи | |
| Ім’я особи (НП) | Холоденко Н. О. |
| 9 (RLIN) | 16348 |
| 245 ## - Відомості про назву | |
| Назва (НП) | Організація наукового забезпечення діяльності судів |
| Дані про відповідальність (НП) | Холоденко Наталія Олександрівна ; наук. керівник Погорецький Микола Анатолійович |
| 260 ## - Публікація, розповсюдження і т.п. (Вихідні дані) | |
| Місце публікації, розповсюдження і т.п. (П) | Київ |
| Дата публікації, розповсюдження і т.п. (П) | 2021 |
| 300 ## - Фізичний опис | |
| Обсяг | 18 с. |
| 502 ## - Примітка про дисертацію | |
| Зв'язок | Автореферат дисертації на здобуття наукового ступеня кандидата юридичних наук<br/> |
| Наймення інституції, що представляється | Київський національний університет імені Тараса Шевченка |
| Рік отримання вченого ступеня | 2021 |
| 520 ## - Резюме і т.п. | |
| Резюме, реферат, анотація, тощо (НП) | У дисертаційному дослідженні здійснено комплексний аналіз системи організації наукового забезпечення діяльності судів, що ґрунтується на наявному теоретичному доробку наук судоустрою, процесуального права, теорії держави і права, філософії та інших, положеннях національного законодавства, практиці вітчизняних судів та Європейського суду з прав людини, наявних статистичних даних. Як результат, сформульовано та обґрунтовано ряд важливих для розвитку науки судоустрою та практики судової діяльності теоретичних положень, а також пропозиції до чинного законодавства, які здатні удосконалити процес правозастосування. <br/>З урахуванням авторських позицій витлумачено ключові для досліджуваної сфери дефініції. Так, запропоновано авторське розуміння поняття «наукове забезпечення діяльності судів», визначено його мету та характерні ознаки. <br/>Обґрунтовано позицію, відповідно до якої організація наукового забезпечення діяльності судів базується на таких принципах як науковість, етичність, інформаційність, принцип належної організації. <br/>Диференційовано рівні та напрями наукового забезпечення діяльності судів. Запропоновано класифікацію: функцій, суб’єктів і форм наукового забезпечення; судової діяльності як об’єкта наукового забезпечення; дайджестів судової практики Верховного Суду. <br/>Проаналізовано науковий потенціал судової влади, перспективи його розвитку, а також взаємодії з науковою спільнотою з метою забезпечення ефективності діяльності судової системи.<br/> |
| 630 ## - Додаткове предметне введення – уніфікована назва | |
| Уніфікована назва | 34 Право |
| 9 (RLIN) | 16349 |
| 650 ## - Додаткове предметне введення – тематичний термін | |
| Джерело заголовка чи терміна | UDC |
| 942 ## - Додаткові елементи входу (Коха) | |
| Source of classification or shelving scheme | Universal Decimal Classification |
| Тип елемента Koha | Автореферат |
Немає доступних примірників.